| 000 | 00591nam a2200145Ia 4500 | ||
|---|---|---|---|
| 005 | 20250424120229.0 | ||
| 008 | 250424s9999 xx 000 0 und d | ||
| 022 | _a07370873/ 10539344 | ||
| 050 | _aPL 8010 .L56/ | ||
| 245 | 0 | _ack expressive culture studiesThe literary griot: international journal of bla | |
| 260 | _c1997 | ||
| 300 | _avi, 147 p. ; 23 cm. | ||
| 650 | _aAfrican literature--History and criticism--Periodicals. American literature--African American authors--History and criticism--Periodicals. Literature--Black authors--History and criticism--Periodicals. | ||
| 942 | _cSR | ||
| 999 |
_c38132 _d38132 |
||